[Rezension von: Islamic law in Malaysia : the challenges of implementation]

Saved in:  
Bibliographic Details
Main Author: Seo, Myengkyo (Author)
Format: Electronic Review
Language:English
Check availability: HBZ Gateway
Interlibrary Loan:Interlibrary Loan for the Fachinformationsdienste (Specialized Information Services in Germany)
Published: 2023
In: Journal of contemporary religion
Year: 2023, Volume: 38, Issue: 2, Pages: 391-393
Review of:Islamic law in Malaysia (Singapore : Springer, 2021) (Seo, Myengkyo)
Islamic law in Malaysia (Singapore : Springer Singapore Pte. Limited, 2021) (Seo, Myengkyo)
Islamic law in Malaysia (Singapore : Springer Singapore, 2021) (Seo, Myengkyo)
Further subjects:B Book review
Online Access: Volltext (lizenzpflichtig)

MARC

LEADER 00000caa a22000002c 4500
001 1853379832
003 DE-627
005 20250225220044.0
007 cr uuu---uuuuu
008 230723s2023 xx |||||oo 00| ||eng c
024 7 |a 10.1080/13537903.2023.2211843  |2 doi 
035 |a (DE-627)1853379832 
035 |a (DE-599)KXP1853379832 
040 |a DE-627  |b ger  |c DE-627  |e rda 
041 |a eng 
084 |a 0  |a 1  |2 ssgn 
100 1 |a Seo, Myengkyo  |e VerfasserIn  |4 aut 
245 1 0 |a [Rezension von: Islamic law in Malaysia : the challenges of implementation] 
264 1 |c 2023 
336 |a Text  |b txt  |2 rdacontent 
337 |a Computermedien  |b c  |2 rdamedia 
338 |a Online-Ressource  |b cr  |2 rdacarrier 
601 |a Malaysia 
601 |a Challenger 
601 |a Implementation 
655 7 |a Rezension  |0 (DE-588)4049712-4  |0 (DE-627)106186019  |0 (DE-576)209083166  |2 gnd-content 
773 0 8 |i Enthalten in  |t Journal of contemporary religion  |d Basingstoke, Hants [u.a.] : Carfax Publ., 1995  |g 38(2023), 2, Seite 391-393  |h Online-Ressource  |w (DE-627)320501132  |w (DE-600)2012230-5  |w (DE-576)095237976  |x 1469-9419  |7 nnas 
773 1 8 |g volume:38  |g year:2023  |g number:2  |g pages:391-393 
787 0 8 |i Rezension von  |t Islamic law in Malaysia  |d Singapore : Springer, 2021  |h xiii, 151 Seiten  |w (DE-627)1779894198  |z 9789813361867 
787 0 8 |i Rezension von  |t Islamic law in Malaysia  |d Singapore : Springer Singapore Pte. Limited, 2021  |h 1 online resource (158 pages)  |w (DE-627)1808105443  |z 9789813361874 
787 0 8 |i Rezension von  |t Islamic law in Malaysia  |b 1st ed. 2021.  |d Singapore : Springer Singapore, 2021  |h 1 Online-Ressource(XIII, 151 p. 4 illus., 3 illus. in color.)  |w (DE-627)1753053919  |z 9789813361874 
856 4 0 |u https://doi.org/10.1080/13537903.2023.2211843  |x Resolving-System  |z lizenzpflichtig  |3 Volltext  |7 1 
935 |a mteo  |a KALD 
951 |a AR 
CAN |a 1 
ELC |a 1 
ITA |a 1  |t 1 
LOK |0 000 xxxxxcx a22 zn 4500 
LOK |0 001 4357048893 
LOK |0 003 DE-627 
LOK |0 004 1853379832 
LOK |0 005 20230906162456 
LOK |0 008 230723||||||||||||||||ger||||||| 
LOK |0 035   |a (DE-Tue135)IxTheo#2023-07-22#27DE3C28229DAA8E9118B8677817258B257DDBA1 
LOK |0 040   |a DE-Tue135  |c DE-627  |d DE-Tue135 
LOK |0 092   |o n 
LOK |0 852   |a DE-Tue135 
LOK |0 852 1  |9 00 
LOK |0 935   |a ixzs  |a zota 
LOK |0 939   |a 23-07-23  |b l01 
ORI |a SA-MARC-ixtheoa001.raw 
REL |a 1 
SUB |a CAN  |a REL